000 00567nam a2200205Ia 4500
005 20250508153001.0
008 008 250505s9999 xx 000 0 eng d
020 _a81-250-2045-4
037 _aTextual
040 _aFEDL
_beng
_cFEDL
041 _aeng
_2eng
084 _a910, STE
_qFEDL
100 _aStembridge Jasper H
245 0 _aWorld: A general regional geography
260 _aOxford, UK
_bClarendon Press
_c1947
300 _axii,532p.
490 _aThe new oxford geographies
942 _cTEXL
_h910, STE
999 _c1339988
_d1339988